Squadre con più retrocessioni in Serie B - Statistics

Statistiche generali
  • Questo quiz è stato fatto 1.146 volte
  • Il punteggio medio è 13 su 15
Statistiche sulle risposte
Retrocessioni Regione Stagioni in cui è retrocessa Squadra % Corretto
11 Puglia 1932-1933, 1940-1941, 1949-1950, 1960-1961, 1963-1964, 1969-1970, 1985-1986, 1991-1992, 1995-1996, 2000-2001, 2010-2014 Bari
95%
6 Sardegna 1975-1976, 1982-1983, 1996-1997, 1999-2000, 2014-2015, 2021-2022 Cagliari
94%
9 Liguria 1933-1934, 1950-1951, 1959-1960, 1964-1965, 1973-1974, 1977-1978, 1983-1984, 1994-1995, 2021-2022 Genoa
94%
9 Sicilia 1935-1936, 1953-1954, 1956-1957, 1959-1960, 1962-1963, 1969-1970, 1972-1973, 2012-2013, 2016-2017 Palermo
94%
8 Veneto 1946-1947, 1949-1950, 1962-1933, 1966-1967, 1999-2000, 2001-2002, 2021-2022; 2024-2025 Venezia
91%
9 Veneto 1957-1958, 1973-1974, 1978-1979, 1989-1990, 1991-1992, 1996-1997, 2001-2002, 2015-2016, 2017-2018 Hellas Verona
90%
9 Puglia 1985-1986, 1990-1991, 1993-1994, 1997-1998, 2001-2002, 2005-2006, 2008-2009, 2011-2012, 2019-2020 Lecce
90%
6 Campania 1941-1942, 1947-1948, 1960-1961, 1962-1963, 1997-1998, 2000-2001 Napoli
89%
6 Piemonte 1958-1959, 1988-1989, 1995-1996, 1999-2000, 2002-2003, 2008-2009 Torino
89%
11 Lombardia 1937-1938, 1957-1958, 1968-1969, 1972-1973, 1978-1979, 1986-1987, 1993-1994, 1997-1998, 2002-2003, 2004-2005, 2009-2010 Atalanta
86%
13 Lombardia 1931-1932, 1935-1936, 1946-1947, 1967-1968, 1969-1970, 1980-1981, 1986-1987, 1992-1993, 1994-1995, 1997-1998, 2004-2005, 2010-2011, 2019-2020 Brescia
86%
6 Toscana 1987-1988, 1998-1999, 2003-2004,2007-2008, 2016-2017, 2018-2019 Empoli
80%
6 Abruzzo 1977-1978, 1979-1980, 1988-1989, 1992-1993, 2012-2013, 2016-2017 Pescara
80%
7 Toscana 1930-1931, 1934-1935, 1938-1939, 19348-1949, 2007-2008, 2009-2010, 2013-2014 Livorno
74%
6 Emilia-Romagna 1931-1932, 1939-1940, 1941-1942, 1948-1949, 1963-1964, 2003-2004 Modena
64%
Nessun quiz corrispondente trovato
Distribuzione punteggi
Percentuale di utenti per punteggio
Percentile per numero di risposta
I tuoi punteggi nel tempo
Non hai fatto questo quiz